| 000 | 02435cam a2200457 4500500 | ||
|---|---|---|---|
| 005 | 20260322002421.0 | ||
| 041 | _afre | ||
| 042 | _adc | ||
| 100 | 1 | 0 |
_aGrelley, Pierre _eauthor |
| 700 | 1 | 0 |
_aMinonzio, Jérôme _eauthor |
| 245 | 0 | 0 | _aHelp for caregivers |
| 260 | _c2023. | ||
| 500 | _a20 | ||
| 520 | _aGiven that segmentation of the Moroccan labor market is reflected in particular in the predominance of precarious informal employment among wage-earners, occupational mobility becomes an issue of even greater economic and social importance. Drawing on an original combination of two individual panel datasets (one based on the employment survey conducted by the High Commission for Planning, the other on the household panel of the National Observatory of Human Development), this article analyzes patterns of occupational mobility, in particular transitions between precarious informal employment and jobs providing access to social protection. By examining transitions to and from unemployment and inactivity, the study identifies the factors that hinder such movements: for men, initial entry into precarious employment; for women, the scarcity of accessible decent jobs, which often leads them to withdraw from the labor market and remain inactive. Conversely, higher levels of vocational training facilitate access to decent jobs. | ||
| 690 | _aAEEH | ||
| 690 | _aaidants | ||
| 690 | _aaide aux aidants | ||
| 690 | _aAjap | ||
| 690 | _aAJPA | ||
| 690 | _aAJPP | ||
| 690 | _aallocation d’éducation de l’enfant handicapé | ||
| 690 | _aallocation journalière d’accompagnement d’une personne en fin de vie | ||
| 690 | _aallocation journalière de présence parentale | ||
| 690 | _aallocation journalière du proche aidant | ||
| 690 | _aallocation personnalisée d’autonomie | ||
| 690 | _aApa | ||
| 690 | _acongé | ||
| 690 | _acongé de présence parentale | ||
| 690 | _acongé de proche aidant | ||
| 690 | _acongé de solidarité familiale | ||
| 690 | _aCPA | ||
| 690 | _aCPP | ||
| 690 | _aCSF | ||
| 690 | _adroit du travail | ||
| 690 | _afiscalité | ||
| 690 | _aPCH | ||
| 690 | _aPrestation de compensation du handicap | ||
| 690 | _aprestations sociales | ||
| 786 | 0 | _nInformations sociales | o 208 | 4 | 2023-05-03 | p. 93-98 | 0046-9459 | |
| 856 | 4 | 1 | _uhttps://shs.cairn.info/journal-informations-sociales-2022-4-page-93?lang=en&redirect-ssocas=7080 |
| 999 |
_c1723250 _d1723250 |
||